La Clínica Mental de Santa Coloma de Gramanet : otro esfuerzo de la Diputación de Barcelona / otro esfuerzo de la Diputación de Barcelona /
Descripción Física:
Il·lustracions
Colección:
San Jorge,
; núm. 5 (gener 1952), pàg. 24-26
Idioma:
Español
MARC
| LEADER | 00000naa a2200000 a 4500 | ||
|---|---|---|---|
| 003 | Arxiu | ||
| 005 | 20260324181036.0 | ||
| 008 | 160829s1952 spcaxx s spa c | ||
| 040 | |a agdb | ||
| 100 | 1 | |a Hernández, Tomás, |d 1919-2013 |9 20277 | |
| 245 | 1 | 3 | |a La Clínica Mental de Santa Coloma de Gramanet : |b otro esfuerzo de la Diputación de Barcelona / |c por Tomás Hernández |
| 300 | |b Il·lustracions | ||
| 490 | |a San Jorge, |v núm. 5 (gener 1952), pàg. 24-26 | ||
| 590 | |a Inclou 5 fotografies | ||
| 610 | 2 | 0 | |a Clínica Mental (Santa Coloma de Gramenet, Catalunya) |9 54649 |
| 773 | |t San Jorge. |g Núm. 5 (gener 1952), pàg. 24-26. | ||
| 901 | |a Arxiu | ||
| 942 | |n 1 |2 udc |c ART | ||
| 952 | |0 0 |1 0 |4 0 |6 REV508 |7 1 |9 64603 |a Arxiu |b Arxiu |d 2022-12-02 |l 0 |o Rev-508 |r 2022-12-02 00:00:00 |w 2022-12-02 |y ARXIU |z També disponible a Rev-521 | ||
| 999 | |c 48466 |d 48466 | ||